La revolución Montessori en la educación
Salvato in:
| Autore principale: | |
|---|---|
| Natura: | Libro |
| Lingua: | spagnolo |
| Pubblicazione: |
Ciudad de México
Siglo Veintiuno
1986
|
| Edizione: | 13a. ed |
| Serie: | Educación
|
| Soggetti: | |
| Tags: |
Aggiungi Tag
Nessun Tag, puoi essere il primo ad aggiungerne!!
|
MARC
| LEADER | 00000cam a2200000 a 4500 | ||
|---|---|---|---|
| 001 | UCD2748 | ||
| 003 | CL-VaPUC | ||
| 008 | 160505e19860000mx |||||||||||||||||spa|d | ||
| 020 | |a 9682303281 | ||
| 082 | 0 | 4 | |a 371.392 |b STA |2 21 |
| 100 | 0 | |a Standing, E. M |e author |9 586113 | |
| 245 | 1 | 3 | |a La revolución Montessori en la educación |
| 250 | |a 13a. ed | ||
| 300 | |a 201 p | ||
| 942 | |c BK | ||
| 945 | |d 20160505 16:04:00 |a arojas | ||
| 260 | |a Ciudad de México |b Siglo Veintiuno |c 1986 | ||
| 650 | 7 | |a METODO MONTESSORI |2 CL-VaPUC |9 352548 | |
| 650 | 0 | |a Educación de niños |9 307451 | |
| 650 | 0 | |a Educación preescolar |9 260381 | |
| 583 | |a last modification |c 20160505 16:04:00 |k Rodrigo Vera | ||
| 490 | 0 | |a Educación | |
| 999 | |c 363869 |d 363867 | ||
| 952 | |0 0 |1 0 |3 erb |4 0 |6 371_392000000000000_STA_1986 |7 0 |8 A |9 476699 |a BIBEDU |b BIBEDU |e Villagrán Garnham, Jorge |i 5300665 |l 1 |o 371.392 STA 1986 |p 5300665 |r 2023-03-14 |s 2023-03-14 |w 2019-11-24 |y BK |z Catalogado en:20160505 |k EPE | ||